000 00324nam a22001457a 4500
003 OSt
005 20220407101244.0
008 211231b |||||||| |||| 00| 0 eng d
020 _a1928994504
040 _cHU
082 _a006.7882
100 _aNet
_924400
245 _aC Net Web Developers Guide
942 _2ddc
_cBOOKS
_n0
999 _c25565
_d25565